Huddersfield Town Premier League Players - Statistics

General Stats
  • This quiz has been taken 235 times
    70 since last reset
  • The average score is 16 of 35
Answer Stats
The Terriers % Correct
Aaron Mooy
88%
Jonas Lössl
86%
Steve Mounié
78%
Mathias Jørgensen
69%
Tommy Smith
69%
Philip Billing
67%
Laurent Depoitre
63%
Christopher Schindler
61%
Jonathan Hogg
55%
Terence Kongolo
53%
Chris Löwe
51%
Rajiv van La Parra
51%
Tom Ince
51%
Florent Hadergjonaj
49%
Karlan Grant
49%
Alex Pritchard
47%
Elias Kachunga
47%
Erik Durm
47%
Collin Quaner
43%
Ben Hamer
41%
Isaac Mbenza
41%
Jason Puncheon
39%
Adama Diakhaby
37%
Danny Williams
37%
Joe Lolley
37%
Jon Gorenc Stanković
37%
Abdelhamid Sabiri
29%
Dean Whitehead
29%
Joel Coleman
29%
Juninho Bacuna
27%
Ramadan Sobhi
27%
Scott Malone
27%
Kasey Palmer
24%
Michael Hefele
24%
Demeaco Duhaney
18%
No matching quizzes found
Score Distribution
Percent of People with Each Score
Percentile by Number Answered
Your Score History
You have not taken this quiz since the last reset